Регионална библиотека "Любен Каравелов" - Русе

Луните на Юпитер (Запис номер 116978)

MARC детайли
000 -Лидер
Контролно поле с фиксирана дължина 01193nam a2200301 c 4500
003 - Код на организацията, давaща контролен номер
Контролно поле BLK
005 - Дата и час на последна редакция
Контролно поле 20230406113940.0
008 - Елементи от данни с фиксирана дължина
fixed length control field 180409b bul|||||r ||||||| ||bul||
010 ## - Наследен системен номер
LC control number KNG00122547000
040 ## - Източник на каталожния запис
Идентификатор на билиотеката - собственик на записа BLK
041 ## - Код за език
Код за езика на текст/звукозапис или на отделно заглавие Български
Код за езика КДБФ Български
080 ## - УДК
Текстов определител УДК Американска литература (на САЩ)
УДК код - определител по УДК 821.111(73)
УДК определител -31
УДК - код + определител 821.111(73)-31
100 1# - Редна дума - Автор
Автор Азимов, Айзък
Авторска отговорност първи автор
R(LIN) 364062
139 ## - Редно поле
Редна дума Азимов, Айзък
Авторски знак Аз - А 36
245 10 - Сведения за заглавието
Заглавие Луните на Юпитер
Подзаглавни данни Научнофантаст. роман
Редно поле (дума) Айзък Азимов; прев. от англ. Григор Б. Попхристов.
257 ## - Страна на издаване
Страна на създаване/издаване СССР
260 ## - Област на издателските данни
Място на издаване, разпространение и проч. София
Име на издателя, разпространителя и проч. Отечество
Година на издаване 1987
300 ## - Физическа характеристика
Страници 192 с.
Илюстрации и др. с ил.
Размери/Мащаб 17 см
380 ## - Жанр
Жанр Худож. лит.
490 ## - СЕРИИ (Колекции)
Име на серия Фантастика
9 (RLIN) 201187
500 ## - Общи забележки
Забележка Ориг. загл. The Moons of Jupiter / Isaac Asimov.
700 1# - Други автори (авторска отговорност)
Лично име Попхристов, Григор Б.
Автороска отговорност (Описва отношението между автора и произведението) прев. от англ.
9 (RLIN) 294638
852 ## - Местоположение
Форматна сигнатура Цб І 23347
856 4# - Електронен адрес и достъп
Електронен формат pdf - файл
Инструкция (цена за достъп) 0.00
Права за достъп disable
856 4# - Електронен адрес и достъп
Електронен формат pdf - файл
Инструкция (цена за достъп) 0.00
Права за достъп disable
999 ## - СИСТЕМНИ КОНТРОЛНИ НОМЕРА
Koha biblionumber 116978
Koha biblioitemnumber 116978
942 ## - АРТИКУЛИ
Вид на библиотечния материал Книги
Скрит в OPAC Не
Периодичен библиозапис Да
944 ## - СЪЗДАВАНЕ И РЕДАКЦИЯ на ЗАПИСА
Създаване/Редакция Създаване
Дата на регистрацията/редакция 31.03.2011
Статус, дата на статуса добави в АБ / 30.03.2011
Служител, извършил регистрацията/редакцията Виолета_Тройчева
944 ## - СЪЗДАВАНЕ И РЕДАКЦИЯ на ЗАПИСА
Създаване/Редакция Редакция
Дата на регистрацията/редакция 31.03.2011
Статус, дата на статуса добави в АБ / 30.03.2011
999 ## - СИСТЕМНИ КОНТРОЛНИ НОМЕРА
Koha biblioitemnumber 116978
Наличности
Код за отписване Код за изгубен артикул Източник на класификационната схема Код за повреда Коз за рестрикции Код за отдаване Артикулен № Име на библиотеката - собственик Име на библиотеката, в която се намира в момента Статус (Текущо местоположение) Дата на вписване в системата Местоположение - отдел Цена в лева Инвентарен номер Систематично азбучна сигнатура Баркод Номер на екземпляра Цена в евро Служебна бележка Служебен тип на артикула Бележка за публиката
  Не е изгубен Universal Decimal Classification Не е повреден без рестрикции ползва се в читалня 188539 Регионална библиотека "Любен Каравелов" Русе Регионална библиотека "Любен Каравелов" Русе Хранилище 1987-01-01 Хранилище 1.24 478968 Цб І 23347 120000478968 1 0.63 Дост: Dp Вид: Д N: стар фонд Дата: 01.01.1987 Книги  
Изтеглен Не е изгубен   Не е повреден без рестрикции заемане за дома 188540 Регионална библиотека "Любен Каравелов" Русе Регионална библиотека "Любен Каравелов" Русе   1987-01-01 Детски отдел 1.24 480214 ДХ 820(73)-31/А 36 480214 2 0.63 Дост: Pk Вид: Ф N: стар фонд Дата: 01.01.1987 Дата инв: 07.09.2015 Бележки инв: Д2015 Книги Отч.N: 49/17 , Дата: 09.10.2017
Изтеглен Не е изгубен   Не е повреден без рестрикции заемане за дома 188541 Регионална библиотека "Любен Каравелов" Русе Регионална библиотека "Любен Каравелов" Русе   1987-01-01 Детски отдел 1.24 480215 ДХ 820(73)-31/А 36 480215 3 0.63 Дост: Pk Вид: Ф N: стар фонд Дата: 01.01.1987 Дата инв: 07.09.2015 Бележки инв: Д2015 Книги Отч.N: 49/17 , Дата: 09.10.2017
Изтеглен Не е изгубен Universal Decimal Classification Не е повреден без рестрикции заемане за дома 188542 Регионална библиотека "Любен Каравелов" Русе Регионална библиотека "Любен Каравелов" Русе Детски отдел 1987-01-01 Детски отдел 1.24 480216 ДХ 820(73)-31/А 36 480216 4 0.63 Дост: Pk Вид: Ф N: стар фонд Дата: 01.01.1987 Дата инв: 07.09.2015 Бележки инв: Д2015 Книги  
Изтеглен Не е изгубен   Не е повреден без рестрикции заемане за дома 188543 Регионална библиотека "Любен Каравелов" Русе Регионална библиотека "Любен Каравелов" Русе   1987-01-01 Детски отдел 1.24 480217 ДХ 820(73)-31/А 36 480217 5 0.63 Дост: Pk Вид: Ф N: стар фонд Дата: 01.01.1987 Дата инв: 07.09.2015 Бележки инв: Д2015 Книги Отч.N: 49/17 , Дата: 09.10.2017
Изтеглен Не е изгубен Universal Decimal Classification Не е повреден без рестрикции заемане за дома 188544 Регионална библиотека "Любен Каравелов" Русе Регионална библиотека "Любен Каравелов" Русе Детски отдел 1987-01-01 Детски отдел 1.24 584345 ДХ 820(73)-31/А 36 584345 6 0.63 Дост: Pk Вид: Ф N: стар фонд Дата: 01.01.1987 Дата инв: 07.09.2015 Бележки инв: Д2015 Книги  
Vip Innovations Ltd, Rousse, Bulgaria 2025